| 000 | 00672nam a22001337a 4500 | ||
|---|---|---|---|
| 040 | _cRUA | ||
| 082 | _aAGR KEO 2020 B1-586 Or. | ||
| 100 | _aKEO MENGSREANG កែវ ម៉េងស្រ៊ាង | ||
| 245 | _aUSING DIFFERENT PLANT GROW REGULATION (GA3) ON OKRA YIELDS ការប្រើប្រាស់ថ្នាំជម្រុញការលូតលាស់ (GA3) ផ្សេងៗគ្នាទៅលើទិន្នផលដំណាំពោតបារាំង | ||
| 260 |
_aPHNOM PENH _bRUA _c2020 |
||
| 300 |
_aIX. 32P _bVI. _c29CM |
||
| 856 | _uhttps://drive.google.com/file/d/1qzwt-fkwFKOckHHqkAwtxLVAAcTkPhPe/view?usp=sharing | ||
| 942 | _cAGR | ||
| 999 |
_c22673 _d22673 |
||